Missing Movie Punctuation Quiz Stats

Quiz Updated Dec 3, 2015

Also try: Movies on the Move
Challenge
Share
Tweet
Embed
Score 0/25 Timer 03:00
0 Plays Today
% Correct
Dude Where's My Car
91.3%
Honey I Shrunk the Kids
87.3%
Me Myself and Irene
84.6%
The Good the Bad and the Ugly
84.2%
Crouching Tiger Hidden Dragon
81.9%
Planes Trains & Automobiles
81.7%
Bright Lights Big City
81%
It's a Mad Mad Mad Mad World
79.2%
O Brother Where Art Thou
78.7%
Sex Lies and Videotape
76.4%
Lock Stock and Two Smoking Barrels
70.9%
Definitely Maybe
69.7%
The Adventures of Priscilla Queen of the Desert
68.5%
% Correct
Crazy Stupid Love
67.5%
Monsters Inc
65.1%
I Love You Man
64.8%
Girl Interrupted
64%
They Shoot Horses Don't They
63.5%
Drive He Said
60.3%
Goodbye Mr. Chips
56.8%
One Two Three
53.6%
To Sir With Love
48.6%
Hello Dolly
41.1%
The Karate Kid Part II
30.2%
Good Night and Good Luck
27.3%

You're not logged in!

Compare scores with friends on all Sporcle quizzes.
Sign Up with Email
OR
Log In

You Might Also Like...

Show Comments

Extras

Top Quizzes Today


Score Distribution

Your Account Isn't Verified!

In order to create a playlist on Sporcle, you need to verify the email address you used during registration. Go to your Sporcle Settings to finish the process.